| 000 | 00572nam a2200193 a 4500 | ||
|---|---|---|---|
| 001 | 3400899 | ||
| 005 | 20241212105242.0 | ||
| 008 | 890227s1990 iaua b 001 0 eng | ||
| 020 | _a9780697056382 | ||
| 050 | 0 | 0 |
_aQH308.2 _b.M23 1990 |
| 082 | 0 | 0 |
_a574 _220 |
| 100 | 1 | _aMader, Sylvia S. | |
| 245 | 1 | 0 |
_aBiology / _cSylvia S. Mader ; contributors, W. Dennis Clark ... [et al.]. |
| 250 | _a3rd ed. | ||
| 260 |
_aDubuque, IA : _bW.C. Brown, _cc1990. |
||
| 300 |
_a1 v. (various pagings) : _bill. (some col.) ; _c29 cm. |
||
| 650 | 0 | _aBiology. | |
| 942 |
_2lcc _cBK _e3rd ed. _n0 |
||
| 999 |
_c2095 _d2095 |
||